[Event "FRA-chT1B 0607"]
[Site "France"]
[Date "2007.03.10"]
[Round "10.2"]
[White "Fargere, Francois"]
[Black "Cohen, Aurelien"]
[Result "1/2-1/2"]
[WhiteElo "2344"]
[BlackElo "2219"]
[PlyCount "59"]
[EventDate "2006.10.15"]
[EventType "team-tourn"]
[EventRounds "11"]
[EventCountry "FRA"]
[SourceTitle "EXT 2008"]
[Source "ChessBase"]
[SourceDate "2007.11.25"]
[SourceVersion "1"]
[SourceVersionDate "2007.11.25"]
[SourceQuality "1"]
[WhiteTeam "Mulhouse II"]
[BlackTeam "Paris Chess Club II"]
[WhiteTeamCountry "FRA"]
[BlackTeamCountry "FRA"]

1. e4 c5 2. Nf3 Nc6 3. Bb5 g6 4. 0-0 Bg7 5. c3 Nf6 6. e5 Nd5 7. d4 cxd4 8. cxd4 0-0 9. Nc3 Nxc3 10. bxc3 d6 11. Re1 Bg4 12. exd6 Qxd6 13. h3 Bf5 14. a4 Rfc8 15. Ba3 Qc7 16. g4 Bd7 17. d5 Ne5 18. Bxd7 Nxd7 19. Rc1 Nc5 20. Nd4 b6 21. Nc6 Bf6 22. Qf3 Re8 23. Bxc5 bxc5 24. c4 Kg7 25. Qe3 e6 26. Qxc5 exd5 27. cxd5 Rxe1+ 28. Rxe1 Rd8 29. Rd1 Rd7 30. g5 1/2-1/2

[Event "FRA-chT1B 0607"]
[Site "France"]
[Date "2006.11.25"]
[Round "2.3"]
[White "Bakalarz, Mietek"]
[Black "Cohen, Aurelien"]
[Result "1-0"]
[WhiteElo "2378"]
[BlackElo "2221"]
[PlyCount "103"]
[EventDate "2006.10.15"]
[EventType "team-tourn"]
[EventRounds "11"]
[EventCountry "FRA"]
[SourceTitle "EXT 2008"]
[Source "ChessBase"]
[SourceDate "2007.11.25"]
[SourceVersion "1"]
[SourceVersionDate "2007.11.25"]
[SourceQuality "1"]
[WhiteTeam "Epinal"]
[BlackTeam "Paris Chess Club II"]
[WhiteTeamCountry "FRA"]
[BlackTeamCountry "FRA"]

1. e4 c5 2. Nc3 Nc6 3. Bb5 Nd4 4. a4 g6 5. f4 Bg7 6. Nf3 e6 7. d3 Ne7 8. e5 a6 9. Bc4 d5 10. exd6 Nef5 11. Ne4 Nxd6 12. c3 Nxf3+ 13. Qxf3 Nxe4 14. dxe4 b6 15. 0-0 Bb7 16. Qe2 Qe7 17. f5 exf5 18. exf5 Qxe2 19. Bxe2 0-0 20. Bc4 gxf5 21. Rxf5 Bc8 22. Rh5 Bg4 23. Rg5 Be6 24. Bxe6 fxe6 25. a5 Rad8 26. Be3 Rd3 27. Re1 bxa5 28. Bxc5 Rf5 29. Rxf5 exf5 30. Ba3 Kf7 31. Re7+ Kf6 32. Ra7 Rd5 33. Rxa6+ Kg5 34. Rd6 Rb5 35. Rd7 Be5 36. Rxh7 Rd5 37. Kf2 Bf4 38. h4+ Kg6 39. Re7 Kh5 40. g3 Bc1 41. c4 Rd4 42. c5 Rc4 43. Ke2 Bxb2 44. Bxb2 Rc2+ 45. Kf3 Rxb2 46. Rg7 Kh6 47. Rg5 Rb3+ 48. Kf4 Rb8 49. Rxf5 Ra8 50. c6 a4 51. c7 a3 52. Ra5 1-0

[Event "FRA-chT2B 0506"]
[Site "France"]
[Date "2006.03.12"]
[Round "9.4"]
[White "Cohen, Aurelien"]
[Black "Bouillot, Serge"]
[Result "1-0"]
[WhiteElo "2194"]
[BlackElo "2176"]
[PlyCount "83"]
[EventDate "2005.10.27"]
[EventType "team-tourn"]
[EventRounds "11"]
[EventCountry "FRA"]
[SourceTitle "EXT 2006"]
[Source "ChessBase"]
[SourceDate "2005.11.24"]
[SourceVersion "1"]
[SourceVersionDate "2005.11.24"]
[SourceQuality "1"]
[WhiteTeam "Paris NAO II"]
[BlackTeam "Creteil  II"]
[WhiteTeamCountry "FRA"]
[BlackTeamCountry "FRA"]

1. e4 e5 2. Nf3 Nc6 3. Bb5 a6 4. Ba4 b5 5. Bb3 Na5 6. 0-0 d6 7. d4 exd4 8. Nxd4 Ne7 9. Re1 c5 10. Bd5 Nxd5 11. exd5+ Be7 12. Bg5 Ra7 13. Bxe7 Rxe7 14. Rxe7+ Qxe7 15. Nc6 Nxc6 16. dxc6 Qe4 17. c7 Qc6 18. Nc3 Be6 19. a4 b4 20. Nd5 Kd7 21. Nf4 Qe4 22. Nxe6 Qxe6 23. Qd3 d5 24. c3 Kxc7 25. cxb4 cxb4 26. Qg3+ Kb7 27. Qxg7 Re8 28. h3 Qg6 29. Qd4 Qe4 30. Qf6 Qe6 31. Qf4 a5 32. Rd1 Rc8 33. Qf3 Rc5 34. g3 f5 35. Rd4 Kb6 36. Kg2 Qe5 37. Rh4 Qxb2 38. Qxf5 Qd2 39. Qf6+ Rc6 40. Qd8+ Ka6 41. Qa8+ Kb6 42. Qb8+ 1-0

[Event "FRA-chT2B 0506"]
[Site "France"]
[Date "2006.02.05"]
[Round "7.8"]
[White "Cohen, Aurelien"]
[Black "Derieux, Christian"]
[Result "1/2-1/2"]
[WhiteElo "2194"]
[BlackElo "2135"]
[PlyCount "98"]
[EventDate "2005.10.27"]
[EventType "team-tourn"]
[EventRounds "11"]
[EventCountry "FRA"]
[SourceTitle "EXT 2006"]
[Source "ChessBase"]
[SourceDate "2005.11.24"]
[SourceVersion "1"]
[SourceVersionDate "2005.11.24"]
[SourceQuality "1"]
[WhiteTeam "Paris NAO II"]
[BlackTeam "Lutece"]
[WhiteTeamCountry "FRA"]
[BlackTeamCountry "FRA"]

1. e4 c5 2. Nf3 d6 3. Bb5+ Nd7 4. 0-0 a6 5. Bxd7+ Bxd7 6. Re1 g6 7. c3 c4 8. b3 b5 9. Qe2 Qc7 10. e5 dxe5 11. Nxe5 Be6 12. a4 Rc8 13. axb5 axb5 14. Na3 Bg7 15. Nxb5 Qxe5 16. Qxe5 Bxe5 17. Rxe5 cxb3 18. Ra7 Kf8 19. Nd4 Bc4 20. Rb7 Kg7 21. Nxb3 Nf6 22. Rexe7 Rhe8 23. Nd4 Rb8 24. Rxe8 Rxe8 25. Nf3 Bd5 26. Rb1 Bxf3 27. gxf3 Re1+ 28. Kg2 Nd5 29. d4 Nf4+ 30. Bxf4 Rxb1 31. c4 Rb4 32. c5 Kf6 33. Bd2 Rc4 34. Kg3 Ke6 35. Be3 Kd5 36. Kg4 f6 37. Kf4 Ra4 38. Kg4 Ra1 39. h4 Rg1+ 40. Kh3 Rh1+ 41. Kg3 h5 42. f4 Rg1+ 43. Kh2 Ra1 44. Kg3 Ke4 45. Kg2 f5 46. Kg3 Kd5 47. Kg2 Rd1 48. Kg3 Rg1+ 49. Kh2 Rd1 1/2-1/2

[Event "FRA-chT2 0405"]
[Site "France"]
[Date "2004.11.06"]
[Round "2.8"]
[White "Cohen, Aurelien"]
[Black "Larrieu, Pierre Yves"]
[Result "1-0"]
[WhiteElo "2155"]
[BlackElo "1740"]
[PlyCount "93"]
[EventDate "2004.10.10"]
[EventType "team-tourn"]
[EventRounds "11"]
[EventCountry "FRA"]
[SourceTitle "EXT 2006"]
[Source "ChessBase"]
[SourceDate "2005.11.24"]
[SourceVersion "1"]
[SourceVersionDate "2005.11.24"]
[SourceQuality "1"]
[WhiteTeam "Paris NAO II"]
[BlackTeam "Sautron II"]
[WhiteTeamCountry "FRA"]
[BlackTeamCountry "FRA"]

1. e4 e5 2. Nf3 Nc6 3. Bb5 a6 4. Ba4 Nf6 5. d4 exd4 6. 0-0 Be7 7. e5 Ne4 8. Nxd4 Nc5 9. Nf5 Ne6 10. Bb3 g5 11. Nc3 Nxe5 12. Ne4 d5 13. Bxd5 Nf4 14. Bxf4 gxf4 15. Qd4 Nf3+ 16. gxf3 Rg8+ 17. Kh1 Bxf5 18. Qe5 Bxe4 19. Qxe4 Qd6 20. Rad1 Qf6 21. Bxb7 Rb8 22. Rg1 Rg6 23. b3 Rd8 24. Rxd8+ Kxd8 25. Rxg6 fxg6 26. Qd3+ Qd6 27. Bxa6 Qxd3 28. Bxd3 Ba3 29. Kg2 Ke7 30. Kf1 Kd6 31. Ke2 Ke5 32. c3 c5 33. Be4 Kd6 34. Kd3 Ke5 35. Kc4 Kd6 36. b4 cxb4 37. cxb4 Kc7 38. Kb3 Bc1 39. a4 Bd2 40. a5 Be1 41. Ka4 Bxf2 42. b5 g5 43. b6+ Bxb6 44. axb6+ Kxb6 45. Bxh7 Kc5 46. Bf5 Kd4 47. Kb4 1-0

[Event "FRA-chT U18"]
[Site "France"]
[Date "1996.??.??"]
[Round "5"]
[White "Bramme, Emmanuelle"]
[Black "Cohen, Aurelien"]
[Result "0-1"]
[WhiteElo "1770"]
[BlackElo "1680"]
[PlyCount "96"]
[EventDate "1996.??.??"]
[EventType "team-tourn"]
[EventRounds "11"]
[EventCountry "FRA"]
[SourceTitle "EXT 2001"]
[Source "ChessBase"]
[SourceDate "2000.11.22"]
[SourceVersion "1"]
[SourceVersionDate "2000.11.22"]
[SourceQuality "1"]

1. d4 Nf6 2. Nf3 e6 3. c4 c5 4. Nc3 cxd4 5. Nxd4 a6 6. e3 Be7 7. Be2 0-0 8. 0-0 Qc7 9. Qc2 b6 10. Bf3 Bb7 11. Bxb7 Qxb7 12. e4 d6 13. Qe2 Nc6 14. Rd1 Nxd4 15. Rxd4 Rac8 16. e5 dxe5 17. Qxe5 Rfd8 18. Bg5 Rxd4 19. Qxd4 Qc6 20. g3 Qc5 21. Qxc5 Rxc5 22. Be3 Rxc4 23. Bxb6 Rb4 24. Ba5 Rxb2 25. Rd1 g6 26. Rd3 Kg7 27. Bc7 Ng4 28. Rf3 f5 29. h3 Nf6 30. Be5 Rc2 31. Rd3 Kf7 32. a4 Bc5 33. Rf3 Bb4 34. Kg2 Bxc3 35. Rxc3 Rxc3 36. Bxc3 Nd5 37. Bb2 Ke7 38. Kf3 Kd6 39. g4 e5 40. Ba1 Nb6 41. a5 Nc4 42. Bc3 Kd5 43. Kg3 Ke4 44. f3+ Ke3 45. gxf5 gxf5 46. Kh4 Kxf3 47. Kg5 f4 48. h4 Ke4 0-1

[Event "FRA-chT U18"]
[Site "France"]
[Date "1996.??.??"]
[Round "9"]
[White "Goupe, Julien"]
[Black "Cohen, Aurelien"]
[Result "1-0"]
[WhiteElo "1820"]
[BlackElo "1880"]
[PlyCount "81"]
[EventDate "1996.??.??"]
[EventType "team-tourn"]
[EventRounds "11"]
[EventCountry "FRA"]
[SourceTitle "EXT 2001"]
[Source "ChessBase"]
[SourceDate "2000.11.22"]
[SourceVersion "1"]
[SourceVersionDate "2000.11.22"]
[SourceQuality "1"]

1. Nf3 Nf6 2. g3 c5 3. c4 Nc6 4. Nc3 g6 5. Bg2 Bg7 6. 0-0 0-0 7. Rb1 d6 8. a3 Bf5 9. d3 Nd7 10. Bd2 Nd4 11. Nh4 Rb8 12. Nxf5 gxf5 13. b4 cxb4 14. axb4 a6 15. e3 Nc6 16. b5 Nce5 17. Qe2 a5 18. f4 Ng6 19. h3 Re8 20. g4 fxg4 21. hxg4 Kh8 22. Ne4 Nc5 23. Ng5 Kg8 24. d4 Nd7 25. f5 Ngf8 26. Ne4 Nf6 27. g5 Nxe4 28. Bxe4 b6 29. Rf2 Qc7 30. Bc6 Nd7 31. Qh5 Nf8 32. Rbf1 Bh8 33. d5 a4 34. Rh2 Be5 35. Rg2 a3 36. g6 hxg6 37. fxg6 fxg6 38. Rxg6+ Nxg6 39. Qxg6+ Kh8 40. Rf7 Rg8 41. Rh7# 1-0